000 01834nam a2200373 c 4500
001 59477
003 CO-BoRNBP
005 20251016192649.0
007 ta
008 250128s2024 ck a ||jr ||| 00| fdspa d
020 _a9789585463868
040 _aCO-BoRNBP
_bspa
_erda
_cCO-BoRNBP
041 0 _aspa
043 _as-ck---
084 _aN
100 1 _aEscobar, Melba
_d1976-
_eaut
_960215
245 1 0 _aJohnny y el mar /
_cMelba Escobar ; ilustraciones de Elizabeth Builes.
250 _aEdición especial
264 1 _aBogotá, Colombia :
_bTragaluz,
_c2024
300 _a119 páginas :
_bilustraciones a color
336 _atexto
_btxt
_2rdacontent
337 _asin mediación
_bn
_2rdamedia
338 _avolumen
_bnc
_2rdacarrier
520 _aEl sueño de Pedro es conocer el mar. Cuando cumple diez años, su madre lo lleva a una pequeña isla en el Caribe. En ese lugar, fascinante y desconocido, Pedro se pierde y encuentra a Johnny, un hombre que no solo le enseña a pescar sino que le cambia la vida. En esta novela, la escritora colombiana Melba Escobar mezcla, con un lenguaje simple, el dolor y la aventura. Al mismo tiempo acción y reflexión, una novela tan clásica como contemporánea, y sin duda, un gran aporte a la literatura infantil y juvenil
521 _aRecomendado para un público infantil a partir de los 10 años
545 _aIncluye datos biográficos de la autora y de la ilustradora
650 0 4 _aLiteratura juvenil Colombiana
_ySiglo XXI
_2LEMB
650 0 4 _aNovela juvenil colombiana
_ySiglo XXI
_2LEMB
_962960
650 0 7 _aPadres ausentes en la literatura
_2lemb
_959159
650 0 7 _aReconocimiento de emociones en la literatura
_2lemb
_965691
650 0 0 _aFamilia en la literatura
_2LEMB
_91235
700 _aBuiles Carmona, Elizabeth,
_d1987-
_eill
_965640
942 _2loc
_cBKLIT
_n0
999 _c59477
_d59477